Statistics for Billy Joel Lyrics Quiz (Part 100)

Click here to take the quiz!

General Stats

  • This quiz has been taken 39 times
  • The average score is 121 of 267

Answer Stats

Answer% Correct
I
94%
a
90%
to
77%
when
74%
and
71%
And
71%
it
71%
be
68%
go
68%
no
68%
it's
65%
It's
65%
me
65%
my
65%
can
61%
is
61%
on
61%
she
61%
so
61%
what
61%
your
61%
for
58%
hear
58%
her
58%
in
58%
all
55%
that
55%
But
52%
but
52%
know
52%
of
52%
don't
48%
are
45%
could
45%
have
45%
say
45%
time
45%
too
45%
you're
45%
I'll
42%
some
42%
this
42%
Because
39%
can't
39%
got
39%
I'm
39%
just
39%
way
39%
Any
35%
at
35%
eyes
35%
get
35%
I've
35%
look
35%
many
35%
much
35%
should
35%
was
35%
friends
32%
never
32%
only
32%
out,
32%
out
32%
said
32%
She's
32%
she's
32%
keep
29%
nothing
29%
hard
26%
help
26%
that's
26%
They're
26%
Yes
26%
'cause
23%
gets
23%
try
23%
act
19%
away
19%
making
19%
myself
19%
places
19%
There's
19%
use
19%
Better
16%
crazy
16%
driving
16%
looking
16%
losing
16%
restraint
16%
sleep
16%
such
16%
watch
16%
bed
13%
climbing
13%
lose
13%
morning
13%
reasons
13%
saint
13%
save
13%
sleeping
13%
temptation
13%
tired
13%
touch
13%
trouble
13%
wanting
13%
Another
10%
blown
10%
business
10%
claimed
10%
commitments
10%
composure;
10%
conduct
10%
cut
10%
danger
10%
excuse
10%
fascination
10%
hero,
10%
instead
10%
leaving,
10%
loose
10%
pieces
10%
rational
10%
resistance,
10%
wise
10%
afraid
6%
salvation
6%
tearing
0%

Score Distribution

Percentile by Number Answered

Percent of People with Each Score

Your Score History

You have not taken this quiz